| 000 | 00424pam a2200157 a 4500 | ||
|---|---|---|---|
| 020 |
_a978-0-766-82660-0 _c |
||
| 041 | _h | ||
| 082 |
_a617.632 _bDIE |
||
| 100 |
_aDietz, _eEllen. |
||
| 245 |
_aSafety Standards infection and control for Dental Hygienests _hTextual Documents |
||
| 250 | _a1st. | ||
| 260 |
_a[s.l]: _bDelmar Thamson Learning, _c2002. |
||
| 300 |
_a314: _c23.5*19. |
||
| 653 | _aPeriodontology | ||
| 930 | _a2541 | ||
| 999 |
_c41929 _d41929 |
||